00615nam a22002177a 450000500170000001000130001702000100003003500130004003700160005304000120006908200160008110000180009724500830011526000330019827000450023130000270027650000200030365000200032365000310034370000230037420170124110025.0 aA-463745 c00.00 aA-463745 bCen Lib/Ret aDPLbEN a591.51bPRA aPrasad, S. N. aAn introduction to animal behaviour /cby S. N. Prasad [and] Vasantika Kashyap aAllahabadbKitab Mahalc1991 bAllahabada84, K. P. Kakkar Roade211003 a220p.:c20cm(Hb)bill. aIncludes index  aAnimal behavior aSocial behavior in animals aKashyap, Vasantika